[Event "Riadh Rapid op"]
[Site "Riadh"]
[Date "2023.03.17"]
[Round "5"]
[White "Al Kathami, Sultan S"]
[Black "Khalil, Manar"]
[Result "0-1"]
[WhiteElo "1708"]
[BlackElo "1877"]
[PlyCount "76"]
[EventDate "2023.03.17"]
[EventType "swiss (rapid)"]
[EventRounds "9"]
[EventCountry "SAU"]
[SourceTitle "CBM 213 Extra"]
[Source "ChessBase"]
[SourceDate "2023.05.31"]
[SourceVersion "1"]
[SourceVersionDate "2023.05.31"]
[SourceQuality "1"]

1. e4 c5 2. b3 Nc6 3. Bb2 d6 4. Bb5 Bd7 5. Nf3 Nf6 6. Nc3 g6 7. 0-0 Bg7 8. Nd5 0-0 9. Bxc6 bxc6 10. Nxf6+ exf6 11. d4 f5 12. e5 cxd4 13. Bxd4 d5 14. Rc1 Qe7 15. Bb2 Bh6 16. Rb1 Be6 17. Bc1 Bg7 18. Bg5 f6 19. exf6 Bxf6 20. Bxf6 Qxf6 21. Qd4 Qxd4 22. Nxd4 Bd7 23. Rfe1 Rfe8 24. f4 Re4 25. Rxe4 fxe4 26. b4 Rb8 27. c3 Kf7 28. Kf2 a5 29. a3 axb4 30. cxb4 c5 31. Nc2 d4 32. b5 Rxb5 33. Rxb5 Bxb5 34. Na1 Ba4 35. g4 Ke6 36. Ke2 c4 37. h4 c3 38. Ke1 d3 0-1